000 00271nam a22001217a 4500
008 171124b xxu||||| |||| 00| 0 eng d
041 _aeng
080 _a82
100 _a21
101 _aGJU
245 _aSYNONYMS ANTONYMS PREPOSITIONS
_cJAMES.C.F
942 _2udc
_cBK
999 _c38421
_d38421